000 00270nam a22001217a 4500
008 170612b xxu||||| |||| 00| 0 eng d
041 _aeng
080 _a94
100 _a17
101 _aSHH
245 _aWAR BETWEEN RUSSIA AND CHINA
_cSALISBURY,H.E
942 _2udc
_cBK
999 _c16946
_d16946